[Event "Bayern-chTT (LL Nord)"]
[Site "Bayern 2008/09"]
[Date "2008.12.14"]
[Round "4.1"]
[White "Golda, Harald"]
[Black "Kreuzer, Martin ProfDr"]
[Result "1/2-1/2"]
[WhiteElo "2298"]
[BlackElo "2337"]
[PlyCount "123"]
[EventDate "2009.03.??"]
[EventType "team-tourn"]
[EventRounds "9"]
[WhiteTeam "Schweinfurt 1"]
[BlackTeam "Kelheim 1"]

1. d4 d5 2. Nf3 c6 3. c4 Nf6 4. Nc3 e6 5. e3 Nbd7 6. Bd3 dxc4 7. Bxc4 b5 8. Bd3
a6 9. a4 b4 10. Nb1 c5 11. O-O Bb7 12. Nbd2 Be7 13. Qe2 O-O 14. e4 cxd4 15. e5
Nd5 16. Qe4 g6 17. Nb3 Rb8 18. Qxd4 f5 19. Bh6 Re8 20. a5 Ra8 21. Rac1 Qb8 22.
Rfe1 Qa7 23. Qxa7 Rxa7 24. Nfd4 Kf7 25. Nc6 Bxc6 26. Rxc6 Nb8 27. Rcc1 g5 28.
h4 gxh4 29. Bc4 Rd8 30. Nd4 Rb7 31. Bb3 Nf4 32. Nc6 Nxc6 33. Rxc6 Nd5 34. Rxa6
Rdd7 35. Rc6 Rdc7 36. Rec1 Rd7 37. Rd1 Rb5 38. a6 Bc5 39. Bxd5 Rxd5 40. Rxd5
exd5 41. Be3 Bxe3 42. fxe3 Ra5 43. Rf6+ Kg7 44. Rb6 Kf7 45. Rxb4 Rxa6 46. Rxh4
Ra1+ 47. Kf2 Rb1 48. Rxh7+ Ke6 49. Rb7 Kxe5 50. Rb8 Kd6 51. b4 Kc7 52. Rf8 Rxb4
53. Rxf5 Kd6 54. Rf4 Rb8 55. g4 Ke5 56. Kf3 Rb1 57. g5 Rf1+ 58. Kg4 Rg1+ 59.
Kh5 Rg3 60. Rf8 Ke4 61. Kh4 Rg1 62. Re8+ 1/2-1/2

[Event "Bayern-chTT (LL Nord)"]
[Site "Bayern 2008/09"]
[Date "2008.12.14"]
[Round "4.2"]
[White "Giessmann, Stephan(73)"]
[Black "Haag, Wolfgang"]
[Result "1-0"]
[WhiteElo "2129"]
[BlackElo "2160"]
[PlyCount "43"]
[EventDate "2009.03.??"]
[EventType "team-tourn"]
[EventRounds "9"]
[WhiteTeam "Kelheim 1"]
[BlackTeam "Schweinfurt 1"]

1. d4 Nf6 2. Nf3 g6 3. Bg5 Bg7 4. Nbd2 d5 5. e3 O-O 6. Bd3 c5 7. c3 Qb6 8. Qb3
Nc6 9. O-O Re8 10. Bxf6 Bxf6 11. Qxd5 cxd4 12. Nc4 Qc7 13. exd4 e5 14. dxe5 Rd8
15. Qc5 Rxd3 16. exf6 Be6 17. Qg5 Qd8 18. Ne3 Qf8 19. Rfd1 Rad8 20. a3 Bb3 21.
Rxd3 Rxd3 22. Qb5 1-0

[Event "Bayern-chTT (LL Nord)"]
[Site "Bayern 2008/09"]
[Date "2008.12.14"]
[Round "4.3"]
[White "Oechslein, Rainer"]
[Black "Kreuzer, Helmut"]
[Result "1/2-1/2"]
[WhiteElo "2128"]
[BlackElo "2194"]
[PlyCount "72"]
[EventDate "2009.03.??"]
[EventType "team-tourn"]
[EventRounds "9"]
[WhiteTeam "Schweinfurt 1"]
[BlackTeam "Kelheim 1"]

1. e4 c5 2. Nf3 d6 3. d4 cxd4 4. Nxd4 Nf6 5. Nc3 g6 6. f3 Bg7 7. Be3 O-O 8. Bc4
Nc6 9. Qd2 Bd7 10. O-O-O Rc8 11. Bb3 Ne5 12. Kb1 Nc4 13. Bxc4 Rxc4 14. g4 Qb8
15. h4 Rfc8 16. h5 e6 17. hxg6 fxg6 18. Nde2 R4c6 19. Bd4 e5 20. Be3 Be6 21.
Rc1 b5 22. Bh6 b4 23. Nd5 Bxd5 24. exd5 R6c7 25. Bxg7 Kxg7 26. Ng3 Rf8 27. Rh3
Kg8 28. g5 Ne8 29. Ne4 Qb5 30. c3 bxc3 31. Nxc3 Qb4 32. a3 Qb3 33. Qc2 Qc4 34.
Qe4 Qb3 35. Qc2 Qc4 36. Qe4 Qb3 1/2-1/2

[Event "Bayern-chTT (LL Nord)"]
[Site "Bayern 2008/09"]
[Date "2008.12.14"]
[Round "4.4"]
[White "Fuhrmann, Max(90)"]
[Black "Seidens, Udo"]
[Result "0-1"]
[WhiteElo "2122"]
[BlackElo "2127"]
[PlyCount "128"]
[EventDate "2009.03.??"]
[EventType "team-tourn"]
[EventRounds "9"]
[WhiteTeam "Kelheim 1"]
[BlackTeam "Schweinfurt 1"]

1. e4 g6 2. d4 Bg7 3. Nf3 d6 4. Bc4 a6 5. O-O e6 6. Re1 Nd7 7. c3 Ne7 8. Bf4 b6
9. e5 d5 10. Bd3 c5 11. Qd2 h6 12. Na3 Bb7 13. b4 c4 14. Bb1 Nf8 15. Qe2 g5 16.
Bc1 Nfg6 17. Rf1 Bc6 18. Nc2 Ba4 19. Ne3 Nf4 20. Qd2 Neg6 21. g3 Nd3 22. Ba3
Bb5 23. Ne1 Nxe1 24. Qxe1 h5 25. Bc2 Qd7 26. Ng2 Ba4 27. Bb1 h4 28. Ne3 O-O-O
29. Ng4 Qe7 30. Qc1 Bb5 31. Bc2 Rh5 32. Qe3 Rdh8 33. Bc1 Be8 34. Re1 Kb7 35. a4
hxg3 36. fxg3 Qf8 37. b5 a5 38. Ba3 Qg8 39. Bxg6 fxg6 40. Rf1 Qh7 41. Ra2 Rh3
42. Be7 Bxe5 43. Qxe5 Qxe7 44. Raf2 R3h7 45. Nf6 Rg7 46. Re1 Qc7 47. Qxe6 Bf7
48. Qe7 Rc8 49. Qa3 Qd8 50. Re7+ Rc7 51. Rfe2 Bg8 52. Nxg8 Qxg8 53. Rxc7+ Kxc7
54. Re7+ Rxe7 55. Qxe7+ Kc8 56. Qd6 Qe8 57. Kf2 Qf7+ 58. Ke2 Kb7 59. Qe5 g4 60.
Qf4 Qe6+ 61. Kd2 Kc8 62. Qe5 Qxe5 63. dxe5 Kd7 64. Ke3 g5 0-1

[Event "Bayern-chTT (LL Nord)"]
[Site "Bayern 2008/09"]
[Date "2008.12.14"]
[Round "4.5"]
[White "Rink, Christian"]
[Black "Eibl, Maximilian"]
[Result "1/2-1/2"]
[WhiteElo "2063"]
[BlackElo "2013"]
[PlyCount "29"]
[EventDate "2009.03.??"]
[EventType "team-tourn"]
[EventRounds "9"]
[WhiteTeam "Schweinfurt 1"]
[BlackTeam "Kelheim 1"]

1. d4 Nf6 2. c4 e6 3. Nc3 Bb4 4. e3 c5 5. Bd3 Nc6 6. Nf3 O-O 7. O-O cxd4 8.
exd4 d5 9. Bg5 dxc4 10. Bxc4 Be7 11. Rc1 h6 12. Bf4 b6 13. Bb3 Nb4 14. Ne5 Bb7
15. Re1 1/2-1/2

[Event "Bayern-chTT (LL Nord)"]
[Site "Bayern 2008/09"]
[Date "2008.12.14"]
[Round "4.6"]
[White "Frieser, Klaus"]
[Black "Ehrler, Eberhard"]
[Result "1/2-1/2"]
[WhiteElo "2107"]
[BlackElo "2077"]
[PlyCount "87"]
[EventDate "2009.03.??"]
[EventType "team-tourn"]
[EventRounds "9"]
[WhiteTeam "Kelheim 1"]
[BlackTeam "Schweinfurt 1"]

1. d4 Nf6 2. c4 e6 3. Nc3 Bb4 4. e3 O-O 5. Bd3 c5 6. Nf3 d5 7. O-O Nc6 8. a3
Bxc3 9. bxc3 dxc4 10. Bxc4 Qc7 11. Ba2 e5 12. d5 e4 13. dxc6 exf3 14. Qxf3 Bg4
15. Qf4 Qxc6 16. Bb2 Be6 17. c4 Qe4 18. Qg5 Qg6 19. Bxf6 Qxf6 20. Qxf6 gxf6 21.
Rfd1 Rfd8 22. a4 Kf8 23. Kf1 Ke7 24. Ke2 Rxd1 25. Rxd1 Rd8 26. Rxd8 Kxd8 27.
Kd3 Kc7 28. Kc3 h6 29. Bb3 Kd6 30. Bc2 b6 31. f4 f5 32. Bd1 Bd7 33. Bc2 Ke6 34.
Kb3 Bc6 35. g3 Kf6 36. Bd1 Ke6 37. Bh5 Kf6 38. Be2 Ke6 39. Bd3 Kf6 40. Bf1 Ke6
41. Bh3 Kf6 42. Bf1 Ke6 43. Bd3 Kf6 44. Bf1 1/2-1/2

[Event "Bayern-chTT (LL Nord)"]
[Site "Bayern 2008/09"]
[Date "2008.12.14"]
[Round "4.7"]
[White "Kuegel, Konrad"]
[Black "Maurer, Heinrich(46)"]
[Result "1-0"]
[WhiteElo "2023"]
[BlackElo "2063"]
[PlyCount "113"]
[EventDate "2009.03.??"]
[EventType "team-tourn"]
[EventRounds "9"]
[WhiteTeam "Schweinfurt 1"]
[BlackTeam "Kelheim 1"]

1. d4 Nf6 2. c4 e6 3. Nf3 d5 4. Nc3 c6 5. e3 Bd6 6. Bd3 O-O 7. O-O Nbd7 8. e4
dxe4 9. Nxe4 Nxe4 10. Bxe4 Nf6 11. Bc2 Qc7 12. Bg5 Ne8 13. Qd3 g6 14. Rfe1 b6
15. Qc3 f6 16. Bh6 Ng7 17. c5 bxc5 18. dxc5 Bf4 19. Bxf4 Qxf4 20. Re4 Qc7 21.
Rd1 e5 22. Bb3+ Kh8 23. h3 Be6 24. Bxe6 Nxe6 25. g3 Rad8 26. Ree1 Rxd1 27. Rxd1
Rd8 28. Rd2 Rxd2 29. Nxd2 Qd7 30. Ne4 Qd1+ 31. Kg2 Qd5 32. f3 f5 33. Nd6 Kg8
34. Nc8 Qxc5 35. Qxc5 Nxc5 36. Nxa7 Nd3 37. Nxc6 Nxb2 38. Nxe5 Kf8 39. Kf2 Ke7
40. Ke3 Ke6 41. Kd4 g5 42. Nd3 Nd1 43. a4 Kd6 44. Ne5 Kc7 45. Nf7 g4 46. hxg4
fxg4 47. f4 Nf2 48. Nh6 Nh1 49. f5 Nxg3 50. f6 Nh5 51. f7 Nf4 52. Nxg4 Ng6 53.
Nf6 Nf8 54. Ke5 Kb6 55. Kd6 Ka5 56. Nd7 Ng6 57. Ne5 1-0

[Event "Bayern-chTT (LL Nord)"]
[Site "Bayern 2008/09"]
[Date "2008.12.14"]
[Round "4.8"]
[White "Weigert, Wilhelm"]
[Black "Dittmann, Rainer"]
[Result "1/2-1/2"]
[WhiteElo "1993"]
[BlackElo "1914"]
[PlyCount "115"]
[EventDate "2009.03.??"]
[EventType "team-tourn"]
[EventRounds "9"]
[WhiteTeam "Kelheim 1"]
[BlackTeam "Schweinfurt 1"]

1. c4 c5 2. Nc3 Nc6 3. g3 g6 4. Bg2 Bg7 5. Nf3 Nf6 6. O-O d6 7. d4 cxd4 8. Nxd4
Bd7 9. e4 O-O 10. Nc2 Rc8 11. Qe2 a6 12. Rb1 Na5 13. Ne3 Be6 14. Ncd5 Nc6 15.
Rd1 Bxd5 16. cxd5 Nb8 17. Bd2 Nbd7 18. b4 b5 19. Rbc1 Qb6 20. Bc3 Qb7 21. Qb2
Nb6 22. Bd4 Na4 23. Qa1 Rxc1 24. Rxc1 Rc8 25. Rc6 e5 26. Qc1 Rxc6 27. dxc6 Qc8
28. Ba1 Nb6 29. Nd5 Nfxd5 30. exd5 Qc7 31. f4 exf4 32. Bxg7 Kxg7 33. Qxf4 Nc4
34. Qd4+ f6 35. Bh3 Ne5 36. Kf2 f5 37. Bf1 Kf7 38. a4 Qb8 39. a5 Ng4+ 40. Kg1
Qe8 41. h3 Ne5 42. Kg2 Qe7 43. Qb6 Qg5 44. Qc7+ Kg8 45. Qb8+ Kg7 46. Qa7+ Kh6
47. Qd4 Kg7 48. Qf4 Qe7 49. h4 Ng4 50. Qd4+ Kf7 51. Qc3 Ne3+ 52. Kh1 Nxd5 53.
Qh8 Qe4+ 54. Bg2 Qe1+ 55. Kh2 Nf6 56. c7 Ng4+ 57. Kh3 Nf2+ 58. Kh2 1/2-1/2

[Event "Bayern-chTT (LL Nord)"]
[Site "Bayern 2008/09"]
[Date "2008.12.14"]
[Round "4.2"]
[White "Barth, Norbert Dr"]
[Black "Liepold, Stefan"]
[Result "1-0"]
[WhiteElo "2208"]
[BlackElo "2235"]
[PlyCount "78"]
[EventDate "2009.03.??"]
[EventType "team-tourn"]
[EventRounds "9"]
[WhiteTeam "Schwandorf 1"]
[BlackTeam "Erlangen-SC 1"]

1. e4 c5 2. Nf3 d6 3. d4 cxd4 4. Nxd4 Nf6 5. Nc3 Nc6 6. Be2 e5 7. Nf3 Be7 8.
O-O h6 9. Re1 O-O 10. Bf1 Be6 11. b3 Qd7 12. Ba3 Bg4 13. h3 Bxf3 14. Qxf3 Nd4
15. Qd3 Rac8 16. Rac1 Nh5 17. Nd5 Bg5 18. Ne3 Rfd8 19. c3 Ne6 20. g3 Nc5 21.
Qb1 Nf6 22. Bg2 d5 23. exd5 e4 24. Bxc5 Rxc5 25. c4 b5 26. Bf1 bxc4 27. bxc4
Qc7 28. Rcd1 Bxe3 29. Rxe3 Qe5 30. Qa1 Re8 31. Qxe5 Rxe5 32. Rb3 Ra5 33. Rb8+
Kh7 34. Rb7 e3 35. Bd3+ Kg8 36. Rb8+ Re8 37. Rxe8+ Nxe8 38. fxe3 Rxa2 39. c5
Ra5 1-0

[Event "Bayern-chTT (LL Nord)"]
[Site "Bayern 2008/09"]
[Date "2008.12.14"]
[Round "4.3"]
[White "Walter, Thomas(78)"]
[Black "Muehling, Werner"]
[Result "0-1"]
[WhiteElo "2069"]
[BlackElo "2131"]
[PlyCount "137"]
[EventDate "2009.03.??"]
[EventType "team-tourn"]
[EventRounds "9"]
[WhiteTeam "Erlangen-SC 1"]
[BlackTeam "Schwandorf 1"]

1. e4 e5 2. Nf3 Nc6 3. d4 exd4 4. Nxd4 Qh4 5. Nc3 Bb4 6. Be2 Nf6 7. O-O Bxc3 8.
Nf5 Qxe4 9. Bd3 Qd5 10. bxc3 O-O 11. Re1 d6 12. c4 Qa5 13. Bd2 Qc5 14. Be3 Qa5
15. Rb1 a6 16. c5 Bxf5 17. Bxf5 Rab8 18. c4 Rfe8 19. Re2 dxc5 20. Reb2 Rbd8 21.
Bd2 Qa3 22. Bc2 Nb4 23. Rb3 Qxa2 24. R1b2 Qa5 25. Bb1 Qb6 26. Rg3 Qe6 27. h3
Qe2 28. Qc1 Rxd2 29. Qxd2 Qxd2 30. Rxd2 Kf8 31. Re3 Rxe3 32. fxe3 Ke7 33. g4 h6
34. Kf2 Nc6 35. Rb2 b6 36. Bc2 Ne5 37. Ra2 a5 38. Bb3 Ne4+ 39. Ke1 Nd3+ 40. Kf1
Nc1 41. Rb2 Nxb3 42. Ke2 a4 43. Kd3 Nd6 44. Kc3 Na5 45. Ra2 Naxc4 46. Rxa4 Nxe3
47. Kd3 Nd5 48. Ra7 c4+ 49. Kd2 b5 50. Ra1 Kd7 51. Rf1 f6 52. h4 Ne4+ 53. Kc1
Ke6 54. g5 hxg5 55. hxg5 Nxg5 56. Re1+ Kd7 57. Rd1 c6 58. Rh1 Ne6 59. Rd1 Kd6
60. Rh1 g5 61. Re1 f5 62. Rh1 f4 63. Rg1 Ke5 64. Re1+ Ne3 65. Rh1 c3 66. Rh6
Nd4 67. Rh2 Nb3+ 68. Kb1 c2+ 69. Ka2 0-1

[Event "Bayern-chTT (LL Nord)"]
[Site "Bayern 2008/09"]
[Date "2008.12.14"]
[Round "4.4"]
[White "Votruba, Pavel"]
[Black "Martin Fernandez, Rodrigo"]
[Result "0-1"]
[WhiteElo "2110"]
[BlackElo "2085"]
[PlyCount "92"]
[EventDate "2009.03.??"]
[EventType "team-tourn"]
[EventRounds "9"]
[WhiteTeam "Schwandorf 1"]
[BlackTeam "Erlangen-SC 1"]

1. Nf3 d5 2. d4 Nf6 3. c4 e6 4. e3 Be7 5. Bd3 O-O 6. O-O c5 7. b3 Nc6 8. Bb2
Bd7 9. Nc3 cxd4 10. exd4 Qc7 11. Rc1 Rac8 12. c5 b6 13. cxb6 axb6 14. Re1 Qb8
15. Ba6 Rcd8 16. Bb5 Na7 17. Bd3 Bd6 18. Ne5 Be8 19. f4 g6 20. Qf3 b5 21. Ne2
Qb6 22. g4 Kg7 23. Ng3 Ng8 24. g5 Nc6 25. Qe3 Nce7 26. Rf1 b4 27. Rf2 Bb5 28.
Bb1 Nf5 29. Nxf5+ exf5 30. Qf3 f6 31. Nd3 Bxd3 32. Bxd3 fxg5 33. fxg5 Rfe8 34.
Kg2 Qa5 35. Bb1 Qa6 36. h4 h5 37. Rfc2 Bb8 38. Rf2 Qd6 39. Kh3 Re7 40. Rc5 Re6
41. Bd3 Re1 42. Rc1 Rde8 43. Rxe1 Rxe1 44. Bf1 Ne7 45. Rg2 Nc6 46. Qf2 Qe6 0-1

[Event "Bayern-chTT (LL Nord)"]
[Site "Bayern 2008/09"]
[Date "2008.12.14"]
[Round "4.5"]
[White "Klek, Hanna-Marie"]
[Black "Stoeckl, Stephan"]
[Result "1-0"]
[WhiteElo "1914"]
[BlackElo "1976"]
[PlyCount "75"]
[EventDate "2009.03.??"]
[EventType "team-tourn"]
[EventRounds "9"]
[WhiteTeam "Erlangen-SC 1"]
[BlackTeam "Schwandorf 1"]

1. e4 c5 2. Nf3 e6 3. c4 Nc6 4. Nc3 Be7 5. d4 cxd4 6. Nxd4 a6 7. Be3 Nf6 8. Be2
O-O 9. O-O d6 10. Qd2 Bd7 11. f3 Rc8 12. Rac1 Ne5 13. b3 Qc7 14. Kh1 Rfd8 15.
Rfd1 Qb8 16. Qe1 Be8 17. Qf2 Bf8 18. Bg5 Be7 19. Be3 Bf8 20. Qg3 Nc6 21. f4 d5
22. exd5 exd5 23. Nf5 dxc4 24. Bxc4 Rxd1+ 25. Rxd1 Na5 26. Nd5 Nh5 27. Qg4 Nxc4
28. bxc4 Rxc4 29. Qxh5 Rc2 30. Bd4 f6 31. Qg4 Bg6 32. Nde7+ Bxe7 33. Nxe7+ Kf7
34. Nxg6 hxg6 35. Bb6 f5 36. Qf3 Qc8 37. Qd5+ Kf8 38. Ba5 1-0

[Event "Bayern-chTT (LL Nord)"]
[Site "Bayern 2008/09"]
[Date "2008.12.14"]
[Round "4.6"]
[White "Lautner, Juergen"]
[Black "Goetz, Andreas(66)"]
[Result "1/2-1/2"]
[WhiteElo "1942"]
[BlackElo "2066"]
[PlyCount "79"]
[EventDate "2009.03.??"]
[EventType "team-tourn"]
[EventRounds "9"]
[WhiteTeam "Schwandorf 1"]
[BlackTeam "Erlangen-SC 1"]

1. d4 Nf6 2. Bf4 d5 3. e3 c6 4. Nf3 Bg4 5. c4 e6 6. Qb3 Qb6 7. c5 Qxb3 8. axb3
Bxf3 9. gxf3 Nbd7 10. b4 Nh5 11. Bg3 Nxg3 12. hxg3 e5 13. Nc3 exd4 14. exd4 Be7
15. Bd3 Bf6 16. Ne2 h6 17. b5 O-O 18. Bf5 Rfd8 19. Bxd7 Rxd7 20. b6 a6 21. Kd2
Re8 22. Ra3 Bg5+ 23. f4 Bf6 24. Re3 Kf8 25. Rxe8+ Kxe8 26. Kd3 Kd8 27. g4 Re7
28. Ng3 Re8 29. f3 Be7 30. Nf5 Bf8 31. Ne3 Be7 32. b4 Kd7 33. Nf5 Bf8 34. Ne3
Ra8 35. Ra1 Re8 36. Rh1 Ra8 37. Ra1 Re8 38. Rh1 Ra8 39. Ra1 Re8 40. Rh1 1/2-1/2

[Event "Bayern-chTT (LL Nord)"]
[Site "Bayern 2008/09"]
[Date "2008.12.14"]
[Round "4.7"]
[White "Petzold, Vinzenz"]
[Black "Paar, Johannes"]
[Result "0-1"]
[WhiteElo "2016"]
[BlackElo "1866"]
[PlyCount "72"]
[EventDate "2009.03.??"]
[EventType "team-tourn"]
[EventRounds "9"]
[WhiteTeam "Erlangen-SC 1"]
[BlackTeam "Schwandorf 1"]

1. d4 Nf6 2. c4 e6 3. Nc3 Bb4 4. f3 d5 5. a3 Bxc3+ 6. bxc3 c6 7. Qc2 dxc4 8. e4
b5 9. Nh3 Nbd7 10. Be2 e5 11. Be3 Qe7 12. O-O Bb7 13. a4 a6 14. Rfb1 exd4 15.
cxd4 O-O 16. Bxc4 c5 17. dxc5 Bxe4 18. fxe4 bxc4 19. Rb7 Qe5 20. Re1 Nxc5 21.
Bxc5 Qxc5+ 22. Kh1 Ng4 23. e5 Nxe5 24. Qe4 Qc6 25. Qb1 Nd3 26. Rf1 h6 27. a5
Rae8 28. Rb6 Qd5 29. Rxa6 Re2 30. Rg1 Re3 31. Rf1 Rxh3 32. Rb6 Re3 33. Rb5 Qe4
34. Rb8 Rxb8 35. Qxb8+ Kh7 36. Qc8 Re2 0-1

[Event "Bayern-chTT (LL Nord)"]
[Site "Bayern 2008/09"]
[Date "2008.12.14"]
[Round "4.8"]
[White "Dotzauer, Ernst"]
[Black "Huettl, Walter"]
[Result "1-0"]
[WhiteElo "1770"]
[BlackElo "1982"]
[PlyCount "53"]
[EventDate "2009.03.??"]
[EventType "team-tourn"]
[EventRounds "9"]
[WhiteTeam "Schwandorf 1"]
[BlackTeam "Erlangen-SC 1"]

1. d4 Nf6 2. Nf3 g6 3. Bg5 Bg7 4. e3 O-O 5. Bd3 d6 6. c3 c6 7. Nbd2 Qc7 8. Qc2
Re8 9. Bxf6 Bxf6 10. Ne4 Bg7 11. h4 h6 12. h5 e5 13. dxe5 dxe5 14. hxg6 f5 15.
Bc4+ Kf8 16. Ng3 e4 17. Nd4 Re5 18. Nh5 b5 19. Bf7 a6 20. Nf4 Qe7 21. b4 c5 22.
bxc5 Qxc5 23. O-O Ke7 24. Qb3 Bf6 25. Bg8 Kd6 26. Rfd1 Kc7 27. Nde6+ 1-0

[Event "Bayern-chTT (LL Nord)"]
[Site "Bayern 2008/09"]
[Date "2008.12.14"]
[Round "4.1"]
[White "Tran, Phat"]
[Black "Kraft, Volker(62)"]
[Result "1/2-1/2"]
[WhiteElo "2234"]
[BlackElo "2395"]
[PlyCount "158"]
[EventDate "2009.03.??"]
[EventType "team-tourn"]
[EventRounds "9"]
[WhiteTeam "Nürnberg-NT 2"]
[BlackTeam "Zirndorf 1"]

1. d4 Nf6 2. Bg5 Ne4 3. Bf4 d5 4. Nd2 Nd6 5. Ngf3 b6 6. c4 e6 7. cxd5 exd5 8.
e3 Be7 9. Bd3 Bb7 10. Qa4+ c6 11. O-O O-O 12. e4 Nd7 13. exd5 cxd5 14. Ne5 Nxe5
15. dxe5 Ne8 16. Rfe1 Nc7 17. Nb3 Ne6 18. Bg3 Nc5 19. Nxc5 bxc5 20. Rad1 Qb6
21. b3 Rad8 22. Bh4 Bxh4 23. Qxh4 h6 24. Bf5 Qc6 25. Re3 Bc8 26. Bc2 Rfe8 27.
Rde1 Kf8 28. h3 d4 29. Rf3 Be6 30. Be4 Qa6 31. Bb1 c4 32. Qf4 Rd7 33. bxc4 Qxc4
34. Rd1 Qa4 35. Rd2 Qb4 36. Rd1 Qa5 37. a3 Red8 38. Bf5 Qd5 39. Rfd3 Bxf5 40.
Qxf5 Kg8 41. f4 g6 42. Qg4 Qe4 43. Qf3 Qxf3 44. Rxf3 Rc8 45. Rfd3 Rc4 46. Kf2
Ra4 47. Kf3 Rc7 48. Rb1 Rc3 49. Rb3 Rxd3+ 50. Rxd3 f5 51. exf6 Kf7 52. Ke4 Kxf6
53. g4 h5 54. Kd5 hxg4 55. hxg4 g5 56. f5 Ra5+ 57. Ke4 Ra4 58. Rxd4 Rxa3 59.
Rd6+ Kf7 60. Rg6 Ra4+ 61. Kf3 Ra3+ 62. Ke2 Ra2+ 63. Kd3 Ra3+ 64. Kc2 Ra2+ 65.
Kb3 Rf2 66. Rxg5 Rf4 67. Rg6 a5 68. Kc3 a4 69. Kd3 a3 70. Kc2 Rf2+ 71. Kb1 Ke7
72. Ka1 Kf7 73. Rg5 Kf8 74. Rh5 Rf4 75. Rg5 Rf2 76. Rg6 Kf7 77. Kb1 Rb2+ 78.
Ka1 Rf2 79. Rh6 Rg2 1/2-1/2

[Event "Bayern-chTT (LL Nord)"]
[Site "Bayern 2008/09"]
[Date "2008.12.14"]
[Round "4.3"]
[White "Willim, Michael"]
[Black "Seibold, Hubert Dr"]
[Result "0-1"]
[WhiteElo "2051"]
[BlackElo "2148"]
[PlyCount "100"]
[EventDate "2009.03.??"]
[EventType "team-tourn"]
[EventRounds "9"]
[WhiteTeam "Nürnberg-NT 2"]
[BlackTeam "Zirndorf 1"]

1. Nf3 c5 2. c4 Nc6 3. d4 cxd4 4. Nxd4 g6 5. e4 Bg7 6. Nc2 Nf6 7. Nc3 d6 8. Be2
O-O 9. O-O Nd7 10. Be3 Nc5 11. f3 b6 12. Qd2 Bb7 13. Rac1 Kh8 14. b3 f5 15.
exf5 gxf5 16. Nd5 e5 17. Bg5 Qd7 18. b4 Ne6 19. b5 Ncd4 20. Nxd4 Nxd4 21. Be3
Ne6 22. a4 Nc5 23. Bd1 Rac8 24. a5 Bxd5 25. Qxd5 bxa5 26. Ra1 f4 27. Bxc5 Rxc5
28. Qe4 Qc7 29. Bc2 Bf6 30. Bd3 Rf7 31. Rfd1 Bd8 32. Kf1 Qe7 33. Ra2 Bb6 34.
Bb1 Rc8 35. Rd5 Qc7 36. Bd3 Qe7 37. Bb1 Rg8 38. Rad2 Be3 39. Rd1 Qh4 40. Qc2
Qxh2 41. g4 fxg3 42. Qg2 Qh4 43. c5 Qc4+ 44. R5d3 Rgf8 45. Ke2 e4 46. fxe4 Rf2+
47. Qxf2 Rxf2+ 48. Kxe3 Qxc5+ 49. Rd4 Qg5+ 50. Kd3 Qxb5+ 0-1

[Event "Bayern-chTT (LL Nord)"]
[Site "Bayern 2008/09"]
[Date "2008.12.14"]
[Round "4.4"]
[White "Heimrath, Wolfgang"]
[Black "Reiser, Wolfgang"]
[Result "1/2-1/2"]
[WhiteElo "2088"]
[BlackElo "2079"]
[PlyCount "29"]
[EventDate "2009.03.??"]
[EventType "team-tourn"]
[EventRounds "9"]
[WhiteTeam "Zirndorf 1"]
[BlackTeam "Nürnberg-NT 2"]

1. e4 e5 2. Nf3 Nc6 3. Bb5 f5 4. Nc3 fxe4 5. Nxe4 d5 6. Ng3 Bg4 7. h3 Bxf3 8.
Qxf3 Nf6 9. Nh5 Qd6 10. O-O Nxh5 11. Qxh5+ g6 12. Bxc6+ bxc6 13. Qe2 Bg7 14. d3
O-O 15. Be3 1/2-1/2

[Event "Bayern-chTT (LL Nord)"]
[Site "Bayern 2008/09"]
[Date "2008.12.14"]
[Round "4.5"]
[White "Sargin, Anatol"]
[Black "Zuehlke, Burkhard Dr"]
[Result "1-0"]
[WhiteElo "2112"]
[BlackElo "2029"]
[PlyCount "37"]
[EventDate "2009.03.??"]
[EventType "team-tourn"]
[EventRounds "9"]
[WhiteTeam "Nürnberg-NT 2"]
[BlackTeam "Zirndorf 1"]

1. e4 g6 2. d4 Bg7 3. Nc3 d6 4. f4 Nf6 5. Nf3 O-O 6. e5 Nfd7 7. h4 c5 8. h5
cxd4 9. hxg6 dxc3 10. gxf7+ Rxf7 11. Bc4 e6 12. Ng5 Nxe5 13. fxe5 Qa5 14. Qh5
cxb2+ 15. Kd1 bxc1=Q+ 16. Rxc1 Re7 17. Rf1 h6 18. Qg6 hxg5 19. Bd3 1-0

[Event "Bayern-chTT (LL Nord)"]
[Site "Bayern 2008/09"]
[Date "2008.12.14"]
[Round "4.6"]
[White "Wiemer, Peter"]
[Black "Just, Hannes"]
[Result "1-0"]
[WhiteElo "2089"]
[BlackElo "2095"]
[PlyCount "45"]
[EventDate "2009.03.??"]
[EventType "team-tourn"]
[EventRounds "9"]
[WhiteTeam "Zirndorf 1"]
[BlackTeam "Nürnberg-NT 2"]

1. e4 c5 2. c3 Nf6 3. e5 Nd5 4. d4 cxd4 5. Nf3 e6 6. cxd4 d6 7. Bd3 Nc6 8. a3
Bd7 9. O-O Qb6 10. Be4 dxe5 11. dxe5 Nce7 12. Nbd2 Rc8 13. Re1 a5 14. Bb1 Ng6
15. Ne4 Be7 16. h4 f5 17. exf6 gxf6 18. Ba2 Kf7 19. h5 Ngf4 20. Bxf4 Nxf4 21.
Qxd7 Rhg8 22. g3 Rc2 23. Qd4 1-0

[Event "Bayern-chTT (LL Nord)"]
[Site "Bayern 2008/09"]
[Date "2008.12.14"]
[Round "4.7"]
[White "Hirn, Oskar"]
[Black "Bildt, Thomas"]
[Result "1-0"]
[WhiteElo "2128"]
[BlackElo "2010"]
[PlyCount "59"]
[EventDate "2009.03.??"]
[EventType "team-tourn"]
[EventRounds "9"]
[WhiteTeam "Nürnberg-NT 2"]
[BlackTeam "Zirndorf 1"]

1. d4 d5 2. Nf3 Nf6 3. c4 c6 4. Nc3 dxc4 5. a4 Bf5 6. e3 e6 7. Bxc4 Bd6 8. Qe2
Ne4 9. Nd2 Nxd2 10. Bxd2 Qg5 11. O-O Qh4 12. g3 Qh3 13. e4 Bg6 14. f4 Bh5 15.
Qe3 Nd7 16. Nd1 Bxd1 17. Rfxd1 O-O-O 18. b4 h5 19. Bf1 Qg4 20. h3 Qg6 21. a5
Nf6 22. Bg2 Bc7 23. b5 cxb5 24. Rac1 Kb8 25. Rxc7 Kxc7 26. f5 Qh7 27. Qf4+ Kd7
28. Bb4 Ke8 29. Qc7 Nd7 30. Qd6 1-0

[Event "Bayern-chTT (LL Nord)"]
[Site "Bayern 2008/09"]
[Date "2008.12.14"]
[Round "4.8"]
[White "Strobel, Norbert"]
[Black "Pranschke, Gerd"]
[Result "1/2-1/2"]
[WhiteElo "2029"]
[BlackElo "2002"]
[PlyCount "125"]
[EventDate "2009.03.??"]
[EventType "team-tourn"]
[EventRounds "9"]
[WhiteTeam "Zirndorf 1"]
[BlackTeam "Nürnberg-NT 2"]

1. d4 Nf6 2. Nf3 g6 3. g3 Bg7 4. Bg2 O-O 5. O-O d5 6. b3 Nbd7 7. Bb2 Ne4 8.
Nbd2 Ndf6 9. Nxe4 Nxe4 10. Nd2 Nxd2 11. Qxd2 Be6 12. a4 Re8 13. Rfc1 c5 14. Ra2
Qc7 15. c3 Rac8 16. e3 Red8 17. Ba3 b6 18. Bf1 Qb7 19. Bb2 a6 20. Qe2 Ra8 21.
Bg2 Rac8 22. Ba3 cxd4 23. cxd4 Rxc1+ 24. Bxc1 Rc8 25. Rc2 Bf5 26. Rxc8+ Qxc8
27. Ba3 e6 28. Bf1 a5 29. Qb5 Qd8 30. Qc6 Bf8 31. Bxf8 Kxf8 32. Kg2 g5 33. h3
Ke7 34. Bb5 Bg6 35. f3 Kf6 36. Be2 h6 37. Kf2 Ke7 38. f4 Qd6 39. Qb7+ Kf6 40.
Qc8 Kg7 41. fxg5 hxg5 42. Qc3 Bf5 43. Bg4 Bxg4 44. hxg4 Qa3 45. Kf3 Qa2 46. Qd3
Qh2 47. Qb5 Qh1+ 48. Kf2 Qh2+ 49. Kf3 Qg1 50. Qd3 Qe1 51. Kg2 Kf8 52. Kf3 Ke7
53. Kg2 Qb4 54. Kf2 Kd6 55. Qc2 f6 56. Qd3 Kc6 57. Qc2+ Kb7 58. Ke2 Qe7 59. Qg6
e5 60. Qg8 Qd6 61. Qf7+ Kc6 62. Qe8+ Kb7 63. Qf7+ 1/2-1/2

[Event "Bayern-chTT (LL Nord)"]
[Site "Bayern 2008/09"]
[Date "2008.12.14"]
[Round "4.1"]
[White "Loos, Roland"]
[Black "Priborsky, Jan"]
[Result "1-0"]
[WhiteElo "2276"]
[BlackElo "2357"]
[PlyCount "83"]
[EventDate "2009.03.??"]
[EventType "team-tourn"]
[EventRounds "9"]
[WhiteTeam "Neutraubling 1"]
[BlackTeam "Kötzting 1"]

1. d4 Nf6 2. c4 g6 3. Nc3 d5 4. Nf3 Bg7 5. Qb3 dxc4 6. Qxc4 O-O 7. e4 a6 8. e5
b5 9. Qb3 Nfd7 10. e6 fxe6 11. Be3 Nf6 12. a4 bxa4 13. Nxa4 Nc6 14. Qc4 Qd6 15.
Rc1 Nb4 16. Nc5 Nfd5 17. Bd2 a5 18. h4 Ba6 19. Nxa6 Rxa6 20. Bxb4 Nxb4 21. Qxc7
Rc6 22. Rxc6 Nxc6 23. Qxd6 exd6 24. d5 exd5 25. Bb5 Na7 26. Bd7 Bxb2 27. Ke2
Ba3 28. Rb1 Bb4 29. Rc1 Bc5 30. Rb1 Kg7 31. Rb7 Kf6 32. Ng5 Ke5 33. Nf3+ Kf6
34. Ng5 Rd8 35. f4 Rg8 36. Nxh7+ Ke7 37. Bg4+ Kd8 38. Nf6 Rh8 39. Rd7+ Kc8 40.
Rxa7+ Kb8 41. Rh7 Rf8 42. Nd7+ 1-0